Pro Wrestlers by Picture #8 - Statistics

General Stats
  • This quiz has been taken 154 times
  • The average score is 14 of 20
Answer Stats
Picture Answer % Correct
R-Truth
96%
The Great Khali
93%
Rhino
89%
Baron Corbin
88%
Cesaro
88%
MVP
87%
Elias
86%
WALTER
85%
Bobby Roode
83%
Ricochet
83%
Liv Morgan
81%
Carmella
79%
Billy Gunn
73%
Haku
59%
Harley Race
52%
Sensational Sherri
52%
Virgil
52%
Danhausen
50%
Tama Tonga
37%
Mil Mascaras
30%
No matching quizzes found
Score Distribution
Percent of People with Each Score
Percentile by Number Answered
Your Score History
You have not taken this quiz